000 00751cam3a220024100 4500
001 lce00763525
008 720511s1973 nyua b 001 0 eng
010 _a 72003788
020 _a0471164984
035 _a(Sirsi) r54373
035 _a(DLC) 72003788
035 _a(UPRA)lce00763525
050 0 _aQH541
_b.C63
082 _a574.5
100 1 _aColinvaux, Paul A., 1930-
_dColinvaux, Paul A., 1930-
_6A13122.1
245 1 0 _aIntroduction to ecology
_c[by] Paul A. Colinvaux.
260 _aNew York,
_bWiley
_c[1973]
504 _aBibliography: p. 583-600.
650 0 _aEcology.
_6S803.1
949 _aQH541
_wlcc
_i33729005772038
_mMAIN
_tBOOK
_lON-SHELF
949 _aQH541
_wlcc
_i33729001838213
_mMAIN
_p2500
_tBOOK
_lON-SHELF
004 54373
999 _c141226
_d141226